|
|
|
|
| LEADER |
01846nam a2200517 i 4500 |
| 001 |
nkc20223486511 |
| 003 |
CZ PrNK |
| 005 |
20230330141930.0 |
| 007 |
ta |
| 008 |
230217s2022 xr a f 000 0 cze |
| 015 |
|
|
|a cnb003486511
|
| 020 |
|
|
|a 978-80-7427-393-3
|q (brožováno)
|
| 035 |
|
|
|a (OCoLC)1375349727
|
| 040 |
|
|
|a ABA001
|b cze
|e rda
|
| 041 |
0 |
|
|a cze
|b cze
|b eng
|
| 072 |
|
7 |
|a 632
|x Ochrana rostlin. Fytopatologie
|2 Konspekt
|9 24
|
| 080 |
|
|
|a 632.6/.7
|2 MRF
|
| 080 |
|
|
|a 635.1/.8
|2 MRF
|
| 080 |
|
|
|a 632.936.2
|2 MRF
|
| 080 |
|
|
|a (083.744)
|2 MRF
|
| 100 |
1 |
|
|a Holý, Kamil
|7 jo2014802120
|4 aut
|4 pht
|
| 245 |
1 |
0 |
|a Monitoring škůdců zeleniny pomocí feromonových lapáků :
|b metodika pro praxi /
|c text a fotografie: Kamil Holý
|
| 250 |
|
|
|a Vydání: první
|
| 264 |
|
1 |
|a Praha :
|b Výzkumný ústav rostlinné výroby, v.v.i.,
|c 2022
|
| 300 |
|
|
|a 27 stran :
|b barevné ilustrace ;
|c 23 cm
|
| 336 |
|
|
|a text
|b txt
|2 rdacontent
|
| 336 |
|
|
|a statický obraz
|b sti
|2 rdacontent
|
| 337 |
|
|
|a bez média
|b n
|2 rdamedia
|
| 338 |
|
|
|a svazek
|b nc
|2 rdacarrier
|
| 490 |
1 |
|
|a Metodika pro praxi
|
| 504 |
|
|
|a Obsahuje bibliografii a bibliografické odkazy
|
| 546 |
|
|
|a České a anglické resumé
|
| 650 |
0 |
7 |
|a škůdci rostlin
|7 ph127823
|2 czenas
|
| 650 |
0 |
7 |
|a zelenina
|7 ph116750
|2 czenas
|
| 650 |
0 |
7 |
|a feromonové lapače
|7 ph669527
|2 czenas
|
| 650 |
0 |
9 |
|a pests of plants
|2 eczenas
|
| 650 |
0 |
9 |
|a vegetables
|2 eczenas
|
| 650 |
0 |
9 |
|a pheromone traps
|2 eczenas
|
| 655 |
|
7 |
|a certifikované metodiky
|7 fd806827
|2 czenas
|
| 655 |
|
9 |
|a certified methodology
|2 eczenas
|
| 810 |
2 |
|
|a Výzkumný ústav rostlinné výroby.
|t Metodika
|0 s
|
| 910 |
2 |
|
|a BOA001
|b 2-1506.208
|
| 990 |
|
|
|a BK
|
| 995 |
|
|
|a 01
|
| 991 |
|
|
|b 202303
|c NOV
|
| 996 |
6 |
|
|b 2610934633
|c 2-1506.208
|l MZK
|r Sklad / do 1 hodiny
|n 1
|p p.v.
|w 001920298
|u 000010
|a 1
|e BOA001
|j MZK50
|s P
|